000 00618nam a2200229Ia 4500
003 OSt
005 20220926005451.0
006 a|||||r|||| 00| 0
007 ta
008 220923b |||||||| |||| 00| 0 eng d
037 _cGeneral Book
040 _aRTL
_cRTL
_beng
041 _2eng
_aeng
082 _aY12, L6
100 _aGandhi Indira
_945655
245 0 _aHalf the world
_b Thoughts of Indira Gandhi on women
260 _a New Delhi
_bStatesman Press
_c1976
300 _a38p
_ccm.
650 _aYouth
942 _hY12, L6
_cGB
_2CC
999 _c613936
_d613936